Statistiken für Größte Städte Schleswig-Holsteins

Klicken Sie hier um das Quiz zu spielen!

Allgemein

  • Dieses Quiz wurde 32 mal gespielt
  • Das Durchschnittsergebnis liegt bei 5 aus 7

Antwortstatistiken

EinwohnerStadt% Korrekt
247.717Kiel
97%
218.095Lübeck
97%
92.550Flensburg
93%
79.502Neumünster
77%
81.880Norderstedt
63%
44.279Pinneberg
63%
50.772Elmshorn
53%

Verteilung der Resultate

Perzentil nach korrekt beantworteten Fragen

Anzahl Personen mit jedem Resultat

Ihre Resultats-Entwicklung

Sie haben dieses Quiz noch nicht gespielt